LEADER 01079nam a2200217 i 4500 001 000000112178 003 CaOOAMICUS 005 20040625000000.0 008 040625s1965 it u000 u mul u 013 $a84862 040 $aSeMil$bita 245 10$aAtti del 6. congresso internazionale di Archeologia Cristiana :$bRavenna 23-30 settembre 1962. 260 $aRoma :$bPontificio Istituto di Archeologia Cristiana,$c1965. 300 $a812 p. :$bill. ;$c28 cm. 490 0 $aStudi di antichità cristiana ;$v26. 650 4$aArcheologia cristiana - Congressi.$0(OLS)http://semarc/subject/2686 830 0$aStudi di antichità cristiana / Pontificio Istituto di archeologia cristiana ;$v26.$0(OLS)http://semarc/title/15683 850 $aSeMil 852 $aSeMil$W1$xVenegono$y1$m5J XVI 11$j67960$B67960$CSeMilBibl$Z2$F84190 $8I 996 $6245$aAtti del 6. congresso internazionale di Archeologia Cristiana :$bRavenna 23-30 settembre 1962$9(OLS)http://semarc/title/163501 996 $6260$aRoma :$bPontificio Istituto di Archeologia Cristiana$9(OLS)http://semarc/publisher/33057